<?xml version="1.0" encoding="UTF-8"?><?xml-stylesheet type="text/xsl" href="static/style.xsl"?><OAI-PMH xmlns="http://www.openarchives.org/OAI/2.0/" xmlns:xsi="http://www.w3.org/2001/XMLSchema-instance" xsi:schemaLocation="http://www.openarchives.org/OAI/2.0/ http://www.openarchives.org/OAI/2.0/OAI-PMH.xsd"><responseDate>2026-04-13T07:23:28Z</responseDate><request verb="GetRecord" identifier="oai:www.recercat.cat:2117/391138" metadataPrefix="marc">https://recercat.cat/oai/request</request><GetRecord><record><header><identifier>oai:recercat.cat:2117/391138</identifier><datestamp>2026-02-02T02:16:40Z</datestamp><setSpec>com_2072_1033</setSpec><setSpec>col_2072_452949</setSpec></header><metadata><record xmlns="http://www.loc.gov/MARC21/slim" xmlns:dcterms="http://purl.org/dc/terms/" xmlns:xsi="http://www.w3.org/2001/XMLSchema-instance" xmlns:doc="http://www.lyncode.com/xoai" xsi:schemaLocation="http://www.loc.gov/MARC21/slim http://www.loc.gov/standards/marcxml/schema/MARC21slim.xsd">
   <leader>00925njm 22002777a 4500</leader>
   <datafield ind2=" " ind1=" " tag="042">
      <subfield code="a">dc</subfield>
   </datafield>
   <datafield ind2=" " ind1=" " tag="720">
      <subfield code="a">Ibrahim, Nor Hafizah</subfield>
      <subfield code="e">author</subfield>
   </datafield>
   <datafield ind2=" " ind1=" " tag="720">
      <subfield code="a">Mohamed Makhbul, Zafir Khan</subfield>
      <subfield code="e">author</subfield>
   </datafield>
   <datafield ind2=" " ind1=" " tag="720">
      <subfield code="a">Ayob, Abu Hanifah</subfield>
      <subfield code="e">author</subfield>
   </datafield>
   <datafield ind2=" " ind1=" " tag="720">
      <subfield code="a">Nagamachi, Mitsuo</subfield>
      <subfield code="e">author</subfield>
   </datafield>
   <datafield ind2=" " ind1=" " tag="720">
      <subfield code="a">Lokman, Anitawati Mohd</subfield>
      <subfield code="e">author</subfield>
   </datafield>
   <datafield ind2=" " ind1=" " tag="260">
      <subfield code="c">2022-09</subfield>
   </datafield>
   <datafield ind2=" " ind1=" " tag="520">
      <subfield code="a">Studies on Counterproductive Work Behaviour (CWB) have attracted wide interest among scholars. CWB is a subset of unethical behaviour that seems unbearable since it intentionally harms both organisations and people in the organisations. In general, literature holds that CWB is determined by work events and affective state. However, most studies are restricted to examining a single work event which prevents us from understanding the simultaneous effect of multiple work events. In addition, prior research widely utilised a self-reporting mechanism in capturing the affective experiences at work resulting in common method bias and other issues like time constraints, low response rate, etc. Drawing on Affective Events Theory (AET), affective work events, and CWB literature, this article provides an important extension to the CWB literature by proposing multiple work events that predict affective experiences and CWB at work. Additionally, the Kansei Engineering-Kawakita Jiro method is introduced as a substitute for the existing self-reporting mechanism in capturing affective work events. This article offers theoretical insights that may facilitate empirical research to explore the role of affective experiences within the CWB spectrum. The introduced conceptual ideas are targeted to be a useful guide for practitioners to craft appropriate strategies to combat employees’ CWB.</subfield>
   </datafield>
   <datafield tag="653" ind2=" " ind1=" ">
      <subfield code="a">Counterproductive Work Behaviour</subfield>
   </datafield>
   <datafield tag="653" ind2=" " ind1=" ">
      <subfield code="a">Affective Experience</subfield>
   </datafield>
   <datafield tag="653" ind2=" " ind1=" ">
      <subfield code="a">Kansei Engineering</subfield>
   </datafield>
   <datafield ind2="0" ind1="0" tag="245">
      <subfield code="a">Conceptualising Kansei in Affective Work Events Counterproductive Work Behaviour Model</subfield>
   </datafield>
</record></metadata></record></GetRecord></OAI-PMH>